All Lord of the Rings and The Hobbit Characters-G - Statistics

General Stats
  • This quiz has been taken 21 times
  • The average score is 17 of 32
Answer Stats
Times Mentioned Answer % Correct
1248 Gandalf the Grey
100%
360 Gimli
86%
68 Gloin
86%
36 Glorfindel
86%
666 Gollum
86%
29 Grishnakh
86%
3 Galdor
71%
33 Goldberry
71%
30 Gorbag
71%
76 Lady Galadriel
71%
7 Gamling
57%
28 Gildor Inglorion
57%
14 Gil-galad
57%
78 Grima Wormtongue
57%
13 Gwaihir
57%
3 Galion
43%
2 Gerontius
43%
16 Ghan-buri-ghan
43%
1 Gleowine
43%
4 Grimbold
43%
2 Guthlaf
43%
15 The Great Goblin
43%
1 Galmod
29%
1 Garulf
29%
9 Girion
29%
1 Goldwine
29%
1 Golfimbul
29%
3 Gorbadoc
29%
1 Gorhendad
29%
1 Grimbeorn
29%
3 Grip
29%
1 Goldilocks
14%
No matching quizzes found
Score Distribution
Percent of People with Each Score
Percentile by Number Answered
Your Score History
You have not taken this quiz